| 000 | 01040cab a2200241 4500 | ||
|---|---|---|---|
| 001 | ABS50944 | ||
| 008 | 090401t1994 xxu||||| |||| 00| 0 eng d | ||
| 035 | _a(Sirsi) u2608 | ||
| 041 | _aeng | ||
| 245 | _aExpert witness | ||
| 260 | _c1994 | ||
| 300 | _aLOAN | ||
| 350 | _a0 | ||
| 490 |
_aSolicitors` Journal _vSupplement June 1994 (54) |
||
| 520 | _aNB MISSING ITEM. COPIES CAN BE OBTAINED ON ILL VIA BRITISH LIBRARY. PLEASE CHECK FOR CURRENT CHARGES. Supplement examining the role of the expert witness. Includes articles on their increased use, how to instruct a quantity surveyor as an expert witness, an arbitrators view of the qualities required and their use in a landlord and tenant case. | ||
| 650 | _aMANAGEMENT-DISPUTE AVOIDANCE, MANAGEMENT AND RESOLUTION-DISPUTE MANAGEMENT AND RESOLUTION-ARBITRATION | ||
| 650 |
_aEXPERT WITNESS _96239 |
||
| 650 |
_aLANDLORD AND TENANT _96252 |
||
| 650 | _aQUANTITY SURVEYORS | ||
| 690 | _aMANAGEMENT-BUSINESS MANAGEMENT-PROFESSIONAL PRACTICE | ||
| 942 | _n0 | ||
| 948 | _c04/03/1997 | ||
| 999 |
_c1572 _d1572 |
||